Andské spoločenstvo bakalárska práca

Enregistré dans:
Détails bibliographiques
Auteur principal: Grinč, Pavol
Collectivité auteur: Obchodná fakulta EU. Katedra medzinárodného obchodu
Autres auteurs: Baumgartner, Boris
Format: Livre
Langue:slovaque
Publié: Bratislava 2011
Tags: Ajouter un tag
Pas de tags, Soyez le premier à ajouter un tag!

MARC

LEADER 00000nam a2200000 4500
001 0150792
005 20240320071953.7
041 0 |a slo 
044 |a SK 
245 1 0 |a Andské spoločenstvo  |b bakalárska práca  |c Pavol Grinč ; školiteľ: Boris Baumgartner 
264 1 |a Bratislava  |c 2011 
300 |a 41 s. 
100 1 |a Grinč, Pavol 
700 1 |a Baumgartner, Boris 
710 2 |a Obchodná fakulta EU. Katedra medzinárodného obchodu